Guess the Handball player - Statistics

General Stats
  • This quiz has been taken 260 times
  • The average score is 3 of 8
Answer Stats
Hint Answer % Correct
KFUM København Niklas Landin
79%
Høj Ølstykke Hans Lindberg
45%
Andy Schmid
39%
Luka Cindrić
31%
SC Cernay Thierry Omeyer
26%
Arpad Šterbik
22%
Robert Weber
18%
Dunaferr SE Roland Mikler
18%
No matching quizzes found
Score Distribution
Percent of People with Each Score
Percentile by Number Answered
Your Score History
You have not taken this quiz